| 000 | 00761cam a22002653a 4500 | ||
|---|---|---|---|
| 001 | 721 | ||
| 003 | PGUSA | ||
| 005 | 20140828082952.0 | ||
| 008 | 961101s1996||||xxu|||||s|||||000 1 eng d | ||
| 040 |
_aPGUSA _beng |
||
| 042 | _adc | ||
| 050 | 4 | _aPZ | |
| 050 | 4 | _aPS | |
| 100 | 1 |
_aWiggin, Kate Douglas Smith, _d1856-1923 |
|
| 245 | 1 | 4 |
_aThe Birds' Christmas Carol _h[electronic resource] / _cKate Douglas Smith Wiggin |
| 260 |
_bProject Gutenberg, _c1996 |
||
| 506 | _aPublic domain in the USA. | ||
| 516 | _aElectronic text | ||
| 653 | _aChildren's stories | ||
| 653 | _aTerminally ill children -- Juvenile fiction | ||
| 653 | _aChristmas stories | ||
| 830 | 0 |
_aProject Gutenberg _v721 |
|
| 856 | 4 | 0 | _uhttp://www.gutenberg.org/ebooks/721 |
| 942 | _cEB | ||
| 999 |
_c230072 _d230072 |
||